Statistics for Countries Closest to Each US Territory

Click here to take the quiz!

General Stats

  • This quiz has been taken 513 times
  • The average score is 15 of 22

Answer Stats

km Country miles % Correct
399Haiti248
93%
407Dominica253
92%
61Dominican Republic38
88%
67Samoa42
82%
272St Kitts and Nevis139
82%
923Fiji574
81%
361Antigua and Barbuda224
79%
519 GMicronesia322
77%
577Tonga358
77%
2314Marshall Islands1438
77%
1263Tuvalu785
76%
1231Palau765
76%
2257Japan1403
74%
2052Philippines1275
70%
1800Indonesia1118
68%
1811Papua New Guinea1125
64%
223France, at St Martin138
44%
1854France, at French Polynesia1152
44%
223Netherlands, at Saba139
35%
224Sint Maarten139
27%
525Cook Islands326
26%
519Niue323
25%

Score Distribution

Percentile by Number Answered

Percent of People with Each Score

Your Score History

You have not taken this quiz